माझी जीवनगाथा. (Record no. 1339281)

MARC details
000 -LEADER
fixed length control field 00755nam a2200181Ia 4500
008 - FIXED-LENGTH DATA ELEMENTS--GENERAL INFORMATION
fixed length control field 151202s9999||||xx |||||||||||||| ||und||
082 ## - DEWEY DECIMAL CLASSIFICATION NUMBER
Item number PNVM-72616
100 ## - MAIN ENTRY--PERSONAL NAME
Personal name ठाकरे केशव सीताराम प्रबोधनकार.
245 ## - TITLE STATEMENT
Title माझी जीवनगाथा.
260 ## - PUBLICATION, DISTRIBUTION, ETC. (IMPRINT)
Name of publisher, distributor, etc नवता बुक वर्ल्ड मुंबई पूर्व.
260 ## - PUBLICATION, DISTRIBUTION, ETC. (IMPRINT)
Date of publication, distribution, etc 72616
300 ## - PHYSICAL DESCRIPTION
Extent 511
600 ## - SUBJECT ADDED ENTRY--PERSONAL NAME
Personal name ठाकरे केशव सीताराम प्रबोधनकार.
630 ## - SUBJECT ADDED ENTRY--UNIFORM TITLE
Uniform title माझी जीवनगाथा.
700 ## - ADDED ENTRY--PERSONAL NAME
Personal name ठाकरे केशव सीताराम प्रबोधनकार.
730 ## - ADDED ENTRY--UNIFORM TITLE
Uniform title माझी जीवनगाथा.
942 ## - ADDED ENTRY ELEMENTS (KOHA)
Koha item type Book
Holdings
Withdrawn status Lost status Damaged status Not for loan Home library Current library Date acquired Cost, normal purchase price Total Checkouts Full call number Barcode Date last seen Cost, replacement price Price effective from Koha item type
        Pune Nagar Vachan Mandir, Pune Pune Nagar Vachan Mandir, Pune 06/21/2015 0.00   PNVM-72616 PNVM-72616 12/02/2015 0.00 12/02/2015 Book